Jesus v. abortion : (Registro nro. 26550)

Detalles MARC
000 -LEADER
campo de control de longitud fija 03997cam a22005774i 4500
003 - IDENTIFICADOR DE NÚMERO DE CONTROL
campo de control PE-LiUPU
005 - FECHA Y HORA DE LA ÚLTIMA TRANSACCIÓN
campo de control 20250731173049.0
008 - DATOS DE LONGITUD FIJA--INFORMACIÓN GENERAL
campo de control de longitud fija 170420s2016 oru rb 001 0 eng d
020 ## - NÚMERO INTERNACIONAL ESTÁNDAR DEL LIBRO
ISBN cancelado o inválido 1498235050
020 ## - NÚMERO INTERNACIONAL ESTÁNDAR DEL LIBRO
ISBN cancelado o inválido 1498235077
020 ## - NÚMERO INTERNACIONAL ESTÁNDAR DEL LIBRO
ISBN cancelado o inválido 9781498235051
020 ## - NÚMERO INTERNACIONAL ESTÁNDAR DEL LIBRO
ISBN cancelado o inválido 9781498235075
035 ## - NÚMERO DE CONTROL DEL SISTEMA
Número de control de sistema (Sirsi) 983398252
035 ## - NÚMERO DE CONTROL DEL SISTEMA
Número de control de sistema (OCoLC)983398252
Número de control cancelado/no válido (OCoLC)982846451
-- (OCoLC)983031158
-- (OCoLC)983646900
040 ## - FUENTE DE CATALOGACIÓN
Centro catalogador/agencia de origen YDX
Lengua de catalogación eng
Normas de descripción rda
-- pn
Centro/agencia transcriptor YDX
Centro/agencia modificador OCLCO
-- UBY
-- PE-LiUPU
049 ## - FONDOS LOCALES (OCLC)
Biblioteca depositaria PRUA
050 #4 - SIGNATURA TOPOGRÁFICA DE LA BIBLIOTECA DEL CONGRESO
Número de clasificación HQ767.25
Número de ítem .B44 2016
082 04 - NÚMERO DE LA CLASIFICACIÓN DECIMAL DEWEY
Número de clasificación 241.6976
Cutter B38
Número de edición 23
100 1# - ENTRADA PRINCIPAL--NOMBRE DE PERSONA
Nombre de persona Bellinger, Charles K.,
Fechas asociadas al nombre 1962-,
Término indicativo de función/relación autor.
245 10 - MENCIÓN DEL TÍTULO
Título Jesus v. abortion :
Resto del título they know not what they do /
Mención de responsabilidad, etc. Charles K. Bellinger.
264 #1 - PRODUCCIÓN, PUBLICACIÓN, DISTRIBUCIÓN, FABRICACIÓN Y COPYRIGHT
Producción, publicación, distribución, fabricación y copyright Eugene, Oregon :
Nombre del de productor, editor, distribuidor, fabricante Cascade Books,
Fecha de producción, publicación, distribución, fabricación o copyright 2016.
300 ## - DESCRIPCIÓN FÍSICA
Extensión xi, 340 páginas ;
Dimensiones 23 centímetros.
336 ## - TIPO DE CONTENIDO
Término de tipo de contenido text
Fuente rdacontent
337 ## - TIPO DE MEDIO
Nombre/término del tipo de medio unmediated
Fuente rdamedia
338 ## - TIPO DE SOPORTE
Nombre/término del tipo de soporte volume
Fuente rdacarrier
490 1# - MENCIÓN DE SERIE
Mención de serie Theopolitical visions ;
Designación de volumen o secuencia 19
504 ## - NOTA DE BIBLIOGRAFÍA, ETC.
Nota de bibliografía, etc. Bibliografía : páginas 323-336.
504 ## - NOTA DE BIBLIOGRAFÍA, ETC.
Nota de bibliografía, etc. Índice : páginas 337-340.
505 00 - NOTA DE CONTENIDO CON FORMATO
Información miscelánea Part One.
Título Understand violence (and human rights) --
Información miscelánea 1.
Título Why are human beings violent? Examining the question and some answers --
Información miscelánea 2.
Título "They hated me without a cause": Violence as resistance to growth in selfhood --
Información miscelánea 3.
Título "If Satan casts out Satan, he is divided against himself": Violence as crowd phenomenon --
Información miscelánea 4.
Título "You shall love God. . . and your neighbor as yourself": Violence as a rejection of balanced consciousness --
Información miscelánea Part Two.
Título Arguments: superficial and deep --
Información miscelánea 5.
Título "Which of these three, do you think, was a neighbor?": Jesus and the lawyers' question --
Información miscelánea 6.
Título "Those who want to save their life will lose it": Kierkegaard vs. individualism --
Información miscelánea 7 .
Título "Whoever welcomes one such child": maternity on leave --
-- "Will he find faith on the earth?": Eric Voegelin vs. Deicide and Homicide --
Información miscelánea 9.
Título "I desire mercy not sacrifice": René Girard on Contemporary scapegoats --
Información miscelánea 10.
Título "Why do you not notice the log in your own eye?": The deepest irony of nominalism --
Información miscelánea Part Three.
Título Historical reenactments --
Información miscelánea 11.
Título "The kings of the Gentiles lord it over them": Everyone struggles against tyranny -- that's our problem --
Información miscelánea 12.
Título "I have the power to crucify you": Justice Blackmun = Pontius Pilate --
Información miscelánea 13.
Título "Many gave false testimony": Pro-Choice historical revisionism --
Información miscelánea 14. "All who do evil hate the light": The Grand Inquisitor of Philadelphia --
-- 15.
Título "You are descendants of those who murdered the prophets": The slavery/Shoa analogy --
Información miscelánea 16.
Título "We would not have taken part with them": Attempted refutations of the analogy --
Información miscelánea 17.
Título "The blood of all the prophets will be charged against this generation": Analogies and reenactments --
Información miscelánea 18.
Título "Whoever is not against us is for us": Beverly Mitchell, Paul Kahn, Simone Weil, Philip Rieff, Chantal Delsol, Giorgio Agamben, Julien Benda --
Información miscelánea Part Four.
Título The way forward --
Información miscelánea 19.
Título "There was a man who had two sons": Pro-life conversion stories --
Información miscelánea 20.
Título "You must be born again": Saula of Tarsus --
Información miscelánea 21.
Título "Be wise as serpents, but gentle as doves": Win the person, not the argument.
526 ## - NOTA DE INFORMACIÓN SOBRE EL PROGRAMA DE ESTUDIO
Nombre del programa Segunda Especialidad En Profecías Bíblicas
526 ## - NOTA DE INFORMACIÓN SOBRE EL PROGRAMA DE ESTUDIO
Nombre del programa Segunda Especialidad En Nuevo Testamento
526 ## - NOTA DE INFORMACIÓN SOBRE EL PROGRAMA DE ESTUDIO
Nombre del programa Segunda Especialidad En Antiguo Testamento
526 ## - NOTA DE INFORMACIÓN SOBRE EL PROGRAMA DE ESTUDIO
Nombre del programa Segunda Especialidad En Estudios Adventistas
526 ## - NOTA DE INFORMACIÓN SOBRE EL PROGRAMA DE ESTUDIO
Nombre del programa Doctorado en teología
526 ## - NOTA DE INFORMACIÓN SOBRE EL PROGRAMA DE ESTUDIO
Nombre del programa Maestría en teología histórica
526 ## - NOTA DE INFORMACIÓN SOBRE EL PROGRAMA DE ESTUDIO
Nombre del programa Maestría en teología bíblica
526 ## - NOTA DE INFORMACIÓN SOBRE EL PROGRAMA DE ESTUDIO
Nombre del programa Maestría en teología
526 ## - NOTA DE INFORMACIÓN SOBRE EL PROGRAMA DE ESTUDIO
Nombre del programa Maestría en misionología
526 ## - NOTA DE INFORMACIÓN SOBRE EL PROGRAMA DE ESTUDIO
Nombre del programa Maestría en liderazgo eclesiástico
526 ## - NOTA DE INFORMACIÓN SOBRE EL PROGRAMA DE ESTUDIO
Nombre del programa Teología
596 ## -
-- 1
600 1# - PUNTO DE ACCESO ADICIONAL DE MATERIA--NOMBRE DE PERSONA
Nombre de persona Jesucristo
Subdivisión general Enseñanzas.
9 (RLIN) 933
650 #0 - PUNTO DE ACCESO ADICIONAL DE MATERIA--TÉRMINO DE MATERIA
Término de materia o nombre geográfico como elemento de entrada Aborto
Subdivisión general Cristianismo.
650 #0 - PUNTO DE ACCESO ADICIONAL DE MATERIA--TÉRMINO DE MATERIA
Término de materia o nombre geográfico como elemento de entrada Antropología teológica
Subdivisión general Cristianismo.
9 (RLIN) 3787
910 ## - DATOS DE OPCIÓN DEL USUARIO (OCLC)
Datos de opción del usuario dbm
-- ncf
-- ncf
-- 20180104
942 ## - ELEMENTOS DE ENTRADA SECUNDARIOS (KOHA)
Fuente del sistema de clasificación o colocación Clasificación Decimal Dewey
Tipo de ítem Koha
949 ## - PROCESAMIENTO DE INFORMACIÓN LOCAL (OCLC)
a 241.6976 B38
w DEWEY
c 1
i 77805
l CATALOGING
m BUL
p 24.60
r 0
s Y
t BOOK
u 2018-01-04
x POSGRADO
-- P85
0 COMPRA
o .STAFF. Colección Teología.
994 ## -
-- C0
-- PEPRU
999 ## - NÚMEROS DE CONTROL DE SISTEMA (KOHA)
-- DEWEY
-- 77805
-- 2021-11-10
-- 4
-- CCODEBUL1
-- BUL
-- 24.60
-- 0
-- Y
-- BOOK
-- 2018-1-4
-- TEOLOGIA
-- P85
-- DONACION
-- .STAFF. Colección Teología.
980 ## - EQUIVALENCIA O REFERENCIA-CRUZADA-MENCIÓN DE SERIE--NOMBRE DE PERSONA/TÍTULO [LOCAL, CANADÁ]
ID del último usuario que modificó el registro 1
Nombre del último usuario que modificó el registro ALBERTO SANCHEZ Responsable de Automatización
Existencias
Visto por última vez Número de inventario Total de préstamos Signatura topográfica completa Código de barras Copia número Coste, precio de reemplazo Fecha de reemplazo Facultad Tipo de ítem Koha Nota pública Estado de pérdida Fuente del sistema de clasificación o colocación Restricciones de uso No para préstamo Colección Programa académico Biblioteca de origen Biblioteca actual Ubicación en estantería Fecha de adquisición Fuente de adquisición Coste, precio normal de compra
2025-12-03 5   241.6976 B38 77805 e1 29.60 2018-01-04   Libros físicos inventario-2023-12-13 No Perdido Clasificación Decimal Dewey No restringido Disponible para préstamos Colección General Maestría en teología Biblioteca CRAI UPeU Lima Biblioteca CRAI UPeU Lima Sala principal 2018-01-04 DONACION 24.60